000 00255nam a22000977a 4500
999 _c532226
_d532226
082 _a811.52
_bGIB
100 _aJibran, Khalil,
245 _aThe greatest works of Khalil Jibran /
942 _2ddc
_cBK